01355nam a2200349 a 4500001001200000003000800012006001900020007001500039008004100054010001700095015001900112016001800131020002200149040002100171035002100192050002300213082001200236100001800248245009400266260004500360300001700405490004500422504006600467533015200533600005300685650002500738650002400763655002900787710001700816830004600833856012600879ebr10224704CaPaEBRm u cr cn|||||||||060502s2006 enk sb 001 0 eng d z 2006275783 aGBA5840782bnb7 z0133063072Uk z0826485863 (hbk.) aCaPaEBRcCaPaEBR a(OCoLC)61449927514aBD175b.R87 2006eb04a1212221 aRust, Joshua.10aJohn Searle and The construction of social realityh[electronic resource] /cJoshua Rust. aLondon ;aNew York :bContinuum,cc2006. aviii, 207 p.1 aContinuum studies in American philosophy aIncludes bibliographical references (p. [200]-204) and index. aElectronic reproduction.bPalo Alto, Calif. :cebrary,d2013.nAvailable via World Wide Web.nAccess may be limited to ebrary affiliated libraries.10aSearle, John R.tConstruction of social reality. 0aSocial epistemology. 0aPhilosophy of mind. 7aElectronic books.2local2 aebrary, Inc. 0aContinuum studies in American philosophy.40uhttp://site.ebrary.com/lib/rucke/Doc?id=10224704zAn electronic book accessible through the World Wide Web; click to view